Contabilidad del ciclo económico para la Argentina utilizando la utilización del capital (Registro nro. 15037)

Detalles MARC
000 -LEADER
fixed length control field 00478 a2200145 4500
001 - CONTROL NUMBER
control field ART_7015
005 - DATE AND TIME OF LATEST TRANSACTION
control field 20260410161659.0
008 - FIXED-LENGTH DATA ELEMENTS--GENERAL INFORMATION
fixed length control field 260409a
100 1# - MAIN ENTRY--PERSONAL NAME
Personal name Elosegui, Pedro
245 10 - TITLE STATEMENT
Title Contabilidad del ciclo económico para la Argentina utilizando la utilización del capital
700 1# - ADDED ENTRY--PERSONAL NAME
Personal name De V. Cavalcanti, Tiago V.
700 1# - ADDED ENTRY--PERSONAL NAME
Personal name Mc Candless, George
700 1# - ADDED ENTRY--PERSONAL NAME
Personal name Blanco, Emilio
773 0# - HOST ITEM ENTRY
Title Ensayos Económicos
Related parts - Nº 50 (ene./mar. 2008)
Record control number REV620

No hay ítems disponibles.